[Event "ENG-ch Senior Over 50"]
[Site "Kenilworth"]
[Date "2025.04.24"]
[Round "1.1"]
[White "Hebden, Mark L"]
[Black "Regan, Natasha K"]
[Result "0-1"]
[WhiteElo "2383"]
[BlackElo "2056"]
[PlyCount "48"]
[EventDate "2025.04.24"]
[EventType "swiss"]
[EventRounds "7"]
[EventCountry "ENG"]
[SourceTitle "BritBase"]
[Source "John Saunders"]
[SourceDate "1997.08.31"]
[SourceVersion "1"]
[SourceVersionDate "1997.08.31"]
[SourceQuality "1"]

1. d4 d5 2. c4 dxc4 3. Nf3 Nf6 4. e3 e6 5. Bxc4 a6 6. O-O Nbd7 7. a3 b5 8. Ba2 c5 9. Nc3 Bb7 10. Qe2 Qb6 11. Rd1 Be7 12. e4 cxd4 13. Nxd4 Ne5 14. Bf4 Ng6 15. Be3 Qc7 16. Rac1 Qe5 17. f3 h5 18. a4 b4 19. Nb1 Bd6 20. g3 h4 21. g4 Nxg4 22. fxg4 Qxe4 23. Qf3 Bxh2+ 24. Kg2 Qxg4+ 0-1

[Event "ENG-ch Senior Over 50"]
[Site "Kenilworth"]
[Date "2025.04.24"]
[Round "1.2"]
[White "Alldritt, Nigel RE"]
[Black "Wells, Peter K"]
[Result "0-1"]
[WhiteElo "1952"]
[BlackElo "2350"]
[PlyCount "40"]
[EventDate "2025.04.24"]
[EventType "swiss"]
[EventRounds "7"]
[EventCountry "ENG"]
[SourceTitle "BritBase"]
[Source "John Saunders"]
[SourceDate "1997.08.31"]
[SourceVersion "1"]
[SourceVersionDate "1997.08.31"]
[SourceQuality "1"]

1. d4 Nf6 2. c4 e6 3. g3 d5 4. Nf3 dxc4 5. Bg2 c6 6. O-O b5 7. Ne5 Bb7 8. a4 a6 9. axb5 axb5 10. Rxa8 Bxa8 11. Nc3 Nd5 12. e4 Nxc3 13. bxc3 Be7 14. Qg4 Bf6 15. Ba3 Na6 16. Nf3 c5 17. e5 h5 18. Qf4 Be7 19. dxc5 O-O 20. Nd4 Bg5 0-1

[Event "ENG-ch Senior Over 50"]
[Site "Kenilworth"]
[Date "2025.04.24"]
[Round "1.3"]
[White "Davies, Nigel R"]
[Black "Hill, Andy"]
[Result "1-0"]
[WhiteElo "2309"]
[BlackElo "1996"]
[PlyCount "127"]
[EventDate "2025.04.24"]
[EventType "swiss"]
[EventRounds "7"]
[EventCountry "ENG"]
[SourceTitle "BritBase"]
[Source "John Saunders"]
[SourceDate "1997.08.31"]
[SourceVersion "1"]
[SourceVersionDate "1997.08.31"]
[SourceQuality "1"]

1. d4 Nf6 2. Nf3 g6 3. c4 Bg7 4. Nc3 O-O 5. Bg5 d6 6. e3 c6 7. Be2 Nbd7 8. O-O a6 9. Qc2 Qc7 10. Rac1 Re8 11. h3 e5 12. Rfd1 b6 13. Bh4 Bb7 14. dxe5 dxe5 15. Ng5 c5 16. Bf3 Bxf3 17. gxf3 h6 18. Nge4 g5 19. Bg3 Nxe4 20. Qxe4 Nf6 21. Qf5 Qc8 22. Qxc8 Raxc8 23. Rd6 Rb8 24. b3 Nh5 25. Nd5 f5 26. f4 exf4 27. exf4 Nxg3 28. fxg3 Re2 29. Kf1 Rbe8 30. Rd8 Rxd8 31. Kxe2 Re8+ 32. Kd2 gxf4 33. gxf4 Bd4 34. Re1 Rxe1 35. Kxe1 Kf7 36. Nxb6 h5 37. Ke2 Ke6 38. Nd5 a5 39. Ne3 Bf6 40. Nf1 Be7 41. Ng3 h4 42. Nf1 Bd6 43. Ke3 Be7 44. Nd2 Bf6 45. Nf3 Kd6 46. Kd3 Ke7 47. Kc2 Ke6 48. a3 Kd6 49. Ne1 Bd4 50. Kd3 Bb2 51. Nc2 Bc1 52. Ne3 Ke6 53. Ng2 Bxa3 54. Nxh4 Bc1 55. Ng2 Bb2 56. Ne3 Bf6 57. Nd5 Bd8 58. Kc2 Bh4 59. Kb2 Kd6 60. Ka3 Be1 61. Ka4 Kc6 62. Ne7+ Kb6 63. Nxf5 Bd2 64. Ne7 1-0

[Event "ENG-ch Senior Over 50"]
[Site "Kenilworth"]
[Date "2025.04.24"]
[Round "1.4"]
[White "Lazarus, Simon E"]
[Black "Dishman, Stephen"]
[Result "0-1"]
[WhiteElo "1874"]
[BlackElo "2279"]
[PlyCount "132"]
[EventDate "2025.04.24"]
[EventType "swiss"]
[EventRounds "7"]
[EventCountry "ENG"]
[SourceTitle "BritBase"]
[Source "John Saunders"]
[SourceDate "1997.08.31"]
[SourceVersion "1"]
[SourceVersionDate "1997.08.31"]
[SourceQuality "1"]

1. d4 d5 2. c4 dxc4 3. Nf3 Nf6 4. e3 e6 5. Bxc4 a6 6. a4 b6 7. Ne5 Bb7 8. O-O c5 9. Qe2 Bd6 10. Nd2 O-O 11. Ndf3 Nbd7 12. Nxd7 Qxd7 13. dxc5 Bxc5 14. b3 Qc7 15. h3 e5 16. Bb2 Bd6 17. Rfd1 Qe7 18. Rxd6 Qxd6 19. Ba3 Qc7 20. Bxf8 Kxf8 21. Rd1 h6 22. Qd2 Bxf3 23. gxf3 Ke7 24. Qb4+ Qc5 25. Qxc5+ bxc5 26. a5 Rc8 27. Kg2 Rc6 28. Rb1 Ne8 29. Kf1 Nd6 30. Ke2 Rc8 31. Kd3 Rb8 32. Ra1 Nxc4 33. Kxc4 Kd6 34. e4 Rb4+ 35. Kc3 Rd4 36. Rg1 g6 37. h4 Kc6 38. h5 g5 39. Re1 Kb5 40. Ra1 Rd6 41. Re1 Kxa5 42. Kc4 Kb6 43. Kc3 Kb5 44. Kc2 Kb4 45. Re3 a5 46. Rc3 Rd4 47. Re3 c4 48. Rc3 a4 49. bxa4 Kxa4 50. Re3 Kb4 51. Re1 c3 52. Rb1+ Kc4 53. Rb7 Rd2+ 54. Kc1 Rxf2 55. Rxf7 Rh2 56. Re7 Kd4 57. Rd7+ Ke3 58. Rd5 Kf4 59. Rc5 c2 60. Rc3 Rxh5 61. Kxc2 Rh2+ 62. Kb3 Rh3 63. Rc6 Kxf3 64. Kc2 Kxe4 65. Rc4+ Kf5 66. Kd2 g4 0-1

[Event "ENG-ch Senior Over 50"]
[Site "Kenilworth"]
[Date "2025.04.24"]
[Round "1.5"]
[White "Crocker, Philip J"]
[Black "Bolt, Graham"]
[Result "1-0"]
[WhiteElo "2137"]
[BlackElo "1949"]
[PlyCount "71"]
[EventDate "2025.04.24"]
[EventType "swiss"]
[EventRounds "7"]
[EventCountry "ENG"]
[SourceTitle "BritBase"]
[Source "John Saunders"]
[SourceDate "1997.08.31"]
[SourceVersion "1"]
[SourceVersionDate "1997.08.31"]
[SourceQuality "1"]

1. d4 g6 2. e4 d5 3. e5 c5 4. c3 Bg7 5. Nf3 Nc6 6. h3 cxd4 7. cxd4 f6 8. Bb5 Bd7 9. Nc3 a6 10. Bxc6 Bxc6 11. O-O fxe5 12. Nxe5 Bxe5 13. dxe5 e6 14. Qg4 Qd7 15. Bg5 Qf7 16. Rfe1 Qf5 17. Qh4 h6 18. Be3 g5 19. Qg3 Ne7 20. Ne2 Qf7 21. Nd4 Nf5 22. Nxf5 Qxf5 23. Bd4 O-O 24. Rad1 Rac8 25. Qa3 Rcd8 26. Rd3 Rf7 27. Rf3 Qg6 28. Rf6 Rxf6 29. exf6 Qf7 30. h4 gxh4 31. Qh3 Re8 32. Qxh4 Qg6 33. Re3 Qb1+ 34. Kh2 e5 35. Qg4+ Kf7 36. Qg7+ 1-0

[Event "ENG-ch Senior Over 50"]
[Site "Kenilworth"]
[Date "2025.04.24"]
[Round "1.6"]
[White "Gardiner, Eric D"]
[Black "Ciuravin, Andrei"]
[Result "0-1"]
[WhiteElo "1879"]
[BlackElo "2060"]
[PlyCount "116"]
[EventDate "2025.04.24"]
[EventType "swiss"]
[EventRounds "7"]
[EventCountry "ENG"]
[SourceTitle "BritBase"]
[Source "John Saunders"]
[SourceDate "1997.08.31"]
[SourceVersion "1"]
[SourceVersionDate "1997.08.31"]
[SourceQuality "1"]

1. e4 b6 2. d4 Bb7 3. Bd3 Nf6 4. Qe2 e6 5. Nf3 Be7 6. c3 c5 7. e5 Nd5 8. c4 Nc7 9. Be4 Qc8 10. Nc3 cxd4 11. Nxd4 Nc6 12. Nxc6 Bxc6 13. Bxc6 dxc6 14. O-O O-O 15. Qg4 Rd8 16. Bh6 Ne8 17. Rfe1 c5 18. Re4 Rd4 19. Rae1 Qd7 20. Nd5 Rxe4 21. Nxe7+ Qxe7 22. Qxe4 Rd8 23. Be3 Qd7 24. Bg5 Rc8 25. Qe2 h6 26. Rd1 Qc7 27. Bh4 a6 28. h3 Rb8 29. Qd3 b5 30. b3 bxc4 31. bxc4 a5 32. Qd7 Qxd7 33. Rxd7 g5 34. Bg3 Rb4 35. f4 Rxc4 36. fxg5 hxg5 37. Bf2 Ng7 38. Rc7 Nh5 39. Rxc5 Ra4 40. Be1 Rxa2 41. Rxa5 Re2 42. Bf2 Kg7 43. Kf1 Re4 44. g3 Kg6 45. Kg2 g4 46. hxg4 Rxg4 47. Kf3 Rc4 48. Be3 Ng7 49. g4 Rc8 50. Rc5 Rd8 51. Kf4 Ne8 52. Rc2 Rd7 53. Ke4 Nc7 54. Rd2 Nd5 55. Kf3 Rb7 56. Kf2 Rb4 57. Rd4 Rb2+ 58. Ke1 Nxe3 0-1

[Event "ENG-ch Senior Over 50"]
[Site "Kenilworth"]
[Date "2025.04.24"]
[Round "1.7"]
[White "James, Russell A"]
[Black "Anderson, Richard"]
[Result "1-0"]
[WhiteElo "2086"]
[BlackElo "1928"]
[PlyCount "89"]
[EventDate "2025.04.24"]
[EventType "swiss"]
[EventRounds "7"]
[EventCountry "ENG"]
[SourceTitle "BritBase"]
[Source "John Saunders"]
[SourceDate "1997.08.31"]
[SourceVersion "1"]
[SourceVersionDate "1997.08.31"]
[SourceQuality "1"]

1. Nf3 c5 2. c4 g6 3. g3 Nc6 4. Bg2 e5 5. Nc3 Nge7 6. Ne4 Nf5 7. h4 d6 8. e3 Bg7 9. h5 O-O 10. hxg6 fxg6 11. d3 Rb8 12. Bd2 b5 13. b3 bxc4 14. bxc4 Nfe7 15. Nh2 d5 16. cxd5 Nxd5 17. a3 Be6 18. Nxc5 Bf7 19. O-O Qe7 20. Rc1 Qd6 21. Nf3 h6 22. Qa4 Nb6 23. Qa6 Bd5 24. e4 Bf7 25. Be3 Rfd8 26. Rfd1 Qf6 27. Rd2 Nd4 28. Nxd4 exd4 29. Bf4 Rbc8 30. Rdc2 g5 31. Bd2 Bf8 32. Bb4 Rb8 33. Nb7 Bxb4 34. Nxd8 Bc3 35. Nxf7 Qxf7 36. a4 Rf8 37. a5 Na4 38. Qxh6 Qe7 39. Bh3 Nc5 40. Rxc3 dxc3 41. Rxc3 Qe5 42. Rxc5 Qa1+ 43. Kg2 Rxf2+ 44. Kxf2 Qd4+ 45. Ke2 1-0

[Event "ENG-ch Senior Over 50"]
[Site "Kenilworth"]
[Date "2025.04.24"]
[Round "1.8"]
[White "Matthews, Adrian MS"]
[Black "Burrows, Martin P"]
[Result "0-1"]
[WhiteElo "1830"]
[BlackElo "2026"]
[PlyCount "82"]
[EventDate "2025.04.24"]
[EventType "swiss"]
[EventRounds "7"]
[EventCountry "ENG"]
[SourceTitle "BritBase"]
[Source "John Saunders"]
[SourceDate "1997.08.31"]
[SourceVersion "1"]
[SourceVersionDate "1997.08.31"]
[SourceQuality "1"]

1. e4 c5 2. c3 d5 3. exd5 Qxd5 4. d4 e6 5. Nf3 Nf6 6. Bd3 Be7 7. O-O O-O 8. Na3 cxd4 9. Nxd4 Bxa3 10. bxa3 b6 11. Qb3 Bb7 12. Qxd5 Bxd5 13. Bg5 Nbd7 14. Rfd1 Nc5 15. Bc2 Nfe4 16. Be7 Rfc8 17. Bxc5 Rxc5 18. Bxe4 Bxe4 19. Ne2 g5 20. Rd4 Bd5 21. h4 gxh4 22. Rxh4 Rc4 23. Rh3 Kh8 24. f3 Rg8 25. Kf2 Rg7 26. Rah1 Kg8 27. R1h2 Ra4 28. Ke3 Rxa3 29. Ng3 Rxc3+ 30. Kd4 Rc4+ 31. Ke5 Rc5 32. Kd4 e5+ 33. Kd3 Be6 34. Nh5 Bxh3 35. Nf6+ Kf8 36. Rxh3 Ke7 37. Ne4 Ra5 38. Ng3 Ke6 39. Ne4 Rxg2 40. Rh6+ Rg6 41. Rxh7 Rxa2 0-1

[Event "ENG-ch Senior Over 50"]
[Site "Kenilworth"]
[Date "2025.04.24"]
[Round "1.9"]
[White "Walton, Alan J"]
[Black "Faulkner, Martin J"]
[Result "1-0"]
[WhiteElo "2020"]
[BlackElo "1796"]
[PlyCount "51"]
[EventDate "2025.04.24"]
[EventType "swiss"]
[EventRounds "7"]
[EventCountry "ENG"]
[SourceTitle "BritBase"]
[Source "John Saunders"]
[SourceDate "1997.08.31"]
[SourceVersion "1"]
[SourceVersionDate "1997.08.31"]
[SourceQuality "1"]

1. d4 Nf6 2. Bg5 d5 3. Bxf6 gxf6 4. c4 e5 5. e3 exd4 6. Qxd4 Nc6 7. Qxd5 Qxd5 8. cxd5 Nb4 9. Na3 a6 10. Nf3 Nxd5 11. Bc4 Bb4+ 12. Ke2 Nc3+ 13. bxc3 Bxa3 14. Rab1 c6 15. Nd4 b5 16. Bd3 Bd7 17. Be4 Rc8 18. Rhd1 Bc5 19. a4 Bxd4 20. Rxd4 Ke7 21. axb5 c5 22. Rxd7+ Kxd7 23. Bf5+ Kc7 24. Bxc8 Rxc8 25. bxa6 Ra8 26. Rb7+ 1-0

[Event "ENG-ch Senior Over 50"]
[Site "Kenilworth"]
[Date "2025.04.24"]
[Round "1.10"]
[White "Homer, Neil S"]
[Black "Brett, Andrew R"]
[Result "0-1"]
[WhiteElo "1691"]
[BlackElo "2060"]
[PlyCount "90"]
[EventDate "2025.04.24"]
[EventType "swiss"]
[EventRounds "7"]
[EventCountry "ENG"]
[SourceTitle "BritBase"]
[Source "John Saunders"]
[SourceDate "1997.08.31"]
[SourceVersion "1"]
[SourceVersionDate "1997.08.31"]
[SourceQuality "1"]

1. e4 c5 2. Nc3 g6 3. f4 Nc6 4. Nf3 Bg7 5. Bb5 Nd4 6. O-O a6 7. Bd3 b5 8. Nxd4 cxd4 9. Ne2 d6 10. c3 dxc3 11. dxc3 Bb7 12. Be3 Nf6 13. Ng3 h5 14. Bd4 e5 15. fxe5 Ng4 16. Qf3 O-O 17. h3 Nxe5 18. Bxe5 dxe5 19. Qe3 h4 20. Nh1 Kh7 21. Nf2 Bh6 22. Qe2 Bf4 23. Rad1 Qg5 24. Qg4 Qxg4 25. Nxg4 Kg7 26. Bc2 Rad8 27. Kf2 f5 28. exf5 gxf5 29. Ne3 Bxe3+ 30. Kxe3 f4+ 31. Kf2 e4 32. Rxd8 Rxd8 33. Rd1 Rxd1 34. Bxd1 e3+ 35. Kf1 Kf6 36. a4 bxa4 37. Bxa4 a5 38. Bd1 Ke5 39. Be2 Kd6 40. Bh5 Kc5 41. Be2 Bc6 42. Bh5 Kc4 43. Bf7+ Kd3 44. Bg6+ Kd2 45. Bh5 f3 0-1

[Event "ENG-ch Senior Over 50"]
[Site "Kenilworth"]
[Date "2025.04.24"]
[Round "1.11"]
[White "Homer, Stephen J"]
[Black "Richards, Simon"]
[Result "1-0"]
[WhiteElo "2011"]
[BlackElo "1692"]
[PlyCount "65"]
[EventDate "2025.04.24"]
[EventType "swiss"]
[EventRounds "7"]
[EventCountry "ENG"]
[SourceTitle "BritBase"]
[Source "John Saunders"]
[SourceDate "1997.08.31"]
[SourceVersion "1"]
[SourceVersionDate "1997.08.31"]
[SourceQuality "1"]

1. e4 e6 2. d4 b6 3. Bd3 Bb7 4. Nf3 d5 5. e5 c5 6. c3 Ne7 7. h4 Nec6 8. a3 Qc7 9. b4 Nd7 10. O-O Be7 11. Re1 h6 12. h5 Rc8 13. Bf4 cxd4 14. cxd4 a6 15. b5 axb5 16. Nc3 b4 17. Nb5 Qd8 18. Nd6+ Bxd6 19. exd6 bxa3 20. Rxa3 Nf6 21. Bb1 Ra8 22. Rxa8 Qxa8 23. Ne5 Nxe5 24. Bxe5 Bc8 25. Bd3 Bd7 26. Bxf6 gxf6 27. Qf3 Qd8 28. Qxd5 Kf8 29. Qf3 Rg8 30. Qf4 Rg5 31. Rc1 Qa8 32. Be4 Qa4 33. Qxf6 1-0

[Event "ENG-ch Senior Over 50"]
[Site "Kenilworth"]
[Date "2025.04.24"]
[Round "1.12"]
[White "Gelder, Stephanie"]
[Black "Staples, Daniel J"]
[Result "0-1"]
[WhiteElo "1488"]
[BlackElo "1952"]
[PlyCount "136"]
[EventDate "2025.04.24"]
[EventType "swiss"]
[EventRounds "7"]
[EventCountry "ENG"]
[SourceTitle "BritBase"]
[Source "John Saunders"]
[SourceDate "1997.08.31"]
[SourceVersion "1"]
[SourceVersionDate "1997.08.31"]
[SourceQuality "1"]

1. d4 Nf6 2. Nc3 d5 3. Bf4 e6 4. a3 c5 5. e3 a6 6. Nf3 Nc6 7. dxc5 Bxc5 8. Be2 h6 9. h3 O-O 10. Ne5 Nxe5 11. Bxe5 Bd6 12. Bxd6 Qxd6 13. Bf3 Qb6 14. Rb1 Bd7 15. O-O Rfd8 16. Qd4 Qxd4 17. exd4 Rac8 18. Rbc1 Rc7 19. Rfd1 Rdc8 20. Rd2 b5 21. Na2 a5 22. Kf1 Ne8 23. Bd1 Nd6 24. Rb1 Ne4 25. Rd3 Rb8 26. f3 Nd6 27. Rc3 Nc4 28. Ke1 Rcb7 29. Nc1 Be8 30. Be2 b4 31. axb4 axb4 32. Rd3 Bb5 33. Rd1 Ne3 34. Rd2 Nxg2+ 35. Kf2 Nf4 36. Bxb5 Rxb5 37. Kg3 g5 38. Nb3 Ra8 39. h4 Kg7 40. hxg5 hxg5 41. Nc5 Rh8 42. Rh2 Rxh2 43. Kxh2 Rb8 44. Rh1 Rh8+ 45. Kg1 Ne2+ 46. Kg2 Rxh1 47. Kxh1 Nxd4 48. Nd3 Nxc2 49. Kg2 b3 50. Nc5 Nd4 51. Kf2 Kf6 52. Ke3 e5 53. Nd7+ Kf5 54. Nc5 f6 55. Na4 Nc6 56. Nc5 Na5 57. Na4 d4+ 58. Ke2 g4 59. fxg4+ Kxg4 60. Nc5 f5 61. Nd3 e4 62. Nf2+ Kg3 63. Nh1+ Kg2 64. Nf2 Nc4 65. Nd1 f4 66. Ke1 e3 67. Ke2 f3+ 68. Ke1 f2+ 0-1

[Event "ENG-ch Senior Over 50"]
[Site "Kenilworth"]
[Date "2025.04.25"]
[Round "2.1"]
[White "Wells, Peter K"]
[Black "Burrows, Martin P"]
[Result "1-0"]
[WhiteElo "2350"]
[BlackElo "2026"]
[PlyCount "49"]
[EventDate "2025.04.24"]
[EventType "swiss"]
[EventRounds "7"]
[EventCountry "ENG"]
[SourceTitle "BritBase"]
[Source "John Saunders"]
[SourceDate "1997.08.31"]
[SourceVersion "1"]
[SourceVersionDate "1997.08.31"]
[SourceQuality "1"]

1. d4 e6 2. c4 Nf6 3. Nf3 b6 4. a3 Ba6 5. Qb3 Bb7 6. Nc3 d5 7. Bg5 Be7 8. Bxf6 Bxf6 9. cxd5 exd5 10. g3 O-O 11. Bg2 Re8 12. O-O c6 13. Rfe1 Nd7 14. e4 dxe4 15. Nxe4 Nf8 16. Rad1 Ne6 17. Ne5 Rc8 18. f4 Rc7 19. Qa4 Qa8 20. Nd6 Rf8 21. Nexf7 Nxd4 22. Ne5 Nb5 23. Qc4+ Kh8 24. Nef7+ Rfxf7 25. Nxf7+ 1-0

[Event "ENG-ch Senior Over 50"]
[Site "Kenilworth"]
[Date "2025.04.25"]
[Round "2.2"]
[White "Brett, Andrew R"]
[Black "Davies, Nigel R"]
[Result "1/2-1/2"]
[WhiteElo "2060"]
[BlackElo "2309"]
[PlyCount "38"]
[EventDate "2025.04.24"]
[EventType "swiss"]
[EventRounds "7"]
[EventCountry "ENG"]
[SourceTitle "BritBase"]
[Source "John Saunders"]
[SourceDate "1997.08.31"]
[SourceVersion "1"]
[SourceVersionDate "1997.08.31"]
[SourceQuality "1"]

1. d4 Nf6 2. c4 e6 3. Nf3 d5 4. g3 Be7 5. Bg2 O-O 6. O-O Nbd7 7. Qd3 c5 8. cxd5 Nxd5 9. Nc3 N7f6 10. Rd1 b6 11. e4 Nxc3 12. bxc3 Bb7 13. Ne5 Qc7 14. Qe2 Rad8 15. Bb2 Qc8 16. Rac1 Qa8 17. f3 Rc8 18. Nd3 cxd4 19. cxd4 Rxc1 1/2-1/2

[Event "ENG-ch Senior Over 50"]
[Site "Kenilworth"]
[Date "2025.04.25"]
[Round "2.3"]
[White "Dishman, Stephen"]
[Black "Walton, Alan J"]
[Result "1/2-1/2"]
[WhiteElo "2279"]
[BlackElo "2020"]
[PlyCount "106"]
[EventDate "2025.04.24"]
[EventType "swiss"]
[EventRounds "7"]
[EventCountry "ENG"]
[SourceTitle "BritBase"]
[Source "John Saunders"]
[SourceDate "1997.08.31"]
[SourceVersion "1"]
[SourceVersionDate "1997.08.31"]
[SourceQuality "1"]

1. Nf3 d5 2. c4 e6 3. g3 Nf6 4. Bg2 Be7 5. O-O O-O 6. d4 dxc4 7. Qc2 Nbd7 8. Qxc4 Bd6 9. Rd1 Qe7 10. Bf4 e5 11. dxe5 Nxe5 12. Nxe5 Bxe5 13. Bxe5 Qxe5 14. Nc3 c6 15. Qd4 Qxd4 16. Rxd4 Be6 17. Rad1 Rac8 18. Rd6 Ne8 19. R6d2 Nc7 20. b4 Na6 21. a3 Nb8 22. Rd6 Rc7 23. f4 Rd7 24. Rxd7 Bxd7 25. Kf2 Rc8 26. Ne4 b6 27. Nd6 Rc7 28. e4 Kf8 29. e5 g6 30. Ke3 Ke7 31. Rc1 h5 32. Nb5 Rb7 33. Nd6 Rc7 34. Nb5 Rb7 35. Be4 a5 36. Nd4 axb4 37. axb4 Rc7 38. e6 Bxe6 39. Nxc6+ Nxc6 40. Rxc6 Rxc6 41. Bxc6 Kd6 42. Be4 Bb3 43. Kd4 Be6 44. Bd3 Bd7 45. Bc4 Be8 46. Bd5 f6 47. h4 Bd7 48. Bf7 Bf5 49. Kc4 Bb1 50. Kd4 Bf5 51. Bd5 Bb1 52. Bf7 Bf5 53. Bd5 Bb1 1/2-1/2

[Event "ENG-ch Senior Over 50"]
[Site "Kenilworth"]
[Date "2025.04.25"]
[Round "2.4"]
[White "Staples, Daniel J"]
[Black "Crocker, Philip J"]
[Result "1/2-1/2"]
[WhiteElo "1952"]
[BlackElo "2137"]
[PlyCount "65"]
[EventDate "2025.04.24"]
[EventType "swiss"]
[EventRounds "7"]
[EventCountry "ENG"]
[SourceTitle "BritBase"]
[Source "John Saunders"]
[SourceDate "1997.08.31"]
[SourceVersion "1"]
[SourceVersionDate "1997.08.31"]
[SourceQuality "1"]

1. d4 Nf6 2. Nf3 g6 3. c4 Bg7 4. Nc3 O-O 5. e4 d6 6. Be2 Nbd7 7. O-O e5 8. d5 Nc5 9. Qc2 a5 10. Bg5 h6 11. Be3 b6 12. Nd2 Ng4 13. Bxg4 Bxg4 14. a3 Bd7 15. b4 Nb7 16. c5 bxc5 17. bxc5 Nxc5 18. Bxc5 dxc5 19. Na4 Bxa4 20. Qxa4 Qe7 21. Rab1 Rfb8 22. Nc4 Bf8 23. f3 Qe8 24. Qxe8 Rxe8 25. Rb7 Bd6 26. Rfb1 a4 27. Kf1 f5 28. Ke2 fxe4 29. fxe4 Rf8 30. g3 Rf7 31. Rb8+ Rf8 32. R8b7 Rf7 33. Rb8+ 1/2-1/2

[Event "ENG-ch Senior Over 50"]
[Site "Kenilworth"]
[Date "2025.04.25"]
[Round "2.5"]
[White "Ciuravin, Andrei"]
[Black "Homer, Stephen J"]
[Result "1-0"]
[WhiteElo "2060"]
[BlackElo "2011"]
[PlyCount "101"]
[EventDate "2025.04.24"]
[EventType "swiss"]
[EventRounds "7"]
[EventCountry "ENG"]
[SourceTitle "BritBase"]
[Source "John Saunders"]
[SourceDate "1997.08.31"]
[SourceVersion "1"]
[SourceVersionDate "1997.08.31"]
[SourceQuality "1"]

1. d4 d5 2. Nf3 Nf6 3. Bf4 c5 4. e3 Nc6 5. c3 Qb6 6. Qb3 c4 7. Qc2 Bf5 8. Qc1 h6 9. Nbd2 Rc8 10. Be2 e6 11. Ne5 Be7 12. O-O O-O 13. h3 Qd8 14. Bf3 b5 15. Re1 Ne4 16. g4 Nxe5 17. Bxe5 Bg6 18. Bg2 f6 19. Bh2 f5 20. f3 Nd6 21. Bxd6 Bxd6 22. f4 fxg4 23. hxg4 Qh4 24. Qd1 Bd3 25. Qf3 Qf6 26. Bf1 Bg6 27. Be2 b4 28. f5 exf5 29. Qxd5+ Kh8 30. Qg2 bxc3 31. bxc3 fxg4 32. Bxg4 Bf5 33. Rf1 Qg5 34. Bxf5 Rxf5 35. Rxf5 Qxf5 36. e4 Qf4 37. Re1 Be7 38. Nf3 Rf8 39. Ne5 Rf6 40. Ng6+ Rxg6 41. Qxg6 Bh4 42. Rf1 Qe3+ 43. Kh2 Qe2+ 44. Qg2 Qh5 45. Qf3 Qg6 46. Qf8+ Kh7 47. Qf5 Bg5 48. e5 Qxf5 49. Rxf5 Kg6 50. Rf3 Be7 51. d5 1-0

[Event "ENG-ch Senior Over 50"]
[Site "Kenilworth"]
[Date "2025.04.25"]
[Round "2.6"]
[White "Regan, Natasha K"]
[Black "White, Russell P"]
[Result "0-1"]
[WhiteElo "2056"]
[BlackElo "1874"]
[PlyCount "147"]
[EventDate "2025.04.24"]
[EventType "swiss"]
[EventRounds "7"]
[EventCountry "ENG"]
[SourceTitle "BritBase"]
[Source "John Saunders"]
[SourceDate "1997.08.31"]
[SourceVersion "1"]
[SourceVersionDate "1997.08.31"]
[SourceQuality "1"]

1. f4 d5 2. Nf3 Nf6 3. g3 c5 4. Bg2 Nc6 5. d3 g6 6. O-O Bg7 7. c3 O-O 8. a4 Qb6 9. Kh1 d4 10. cxd4 cxd4 11. Na3 Be6 12. Nc4 Bxc4 13. dxc4 Rfd8 14. Bd2 a5 15. Ra3 Qc5 16. Rb3 Qxc4 17. Rxb7 Rab8 18. Ne5 Nxe5 19. fxe5 Nd5 20. b3 Qc5 21. Rxb8 Rxb8 22. Qe1 Bxe5 23. Bxa5 Rxb3 24. Qf2 Bf6 25. Bd2 h5 26. Rc1 Nc3 27. Qf3 Rb1 28. Rxb1 Nxb1 29. Bh6 Kh7 30. Bf4 Qb4 31. h4 Qxa4 32. Qd5 Kg7 33. Kh2 Nc3 34. Qf3 Qc2 35. e4 dxe3 36. Bxe3 Nd1 37. Bf4 Bd4 38. Qd5 Bf6 39. Qf3 Nb2 40. Kh3 Qf5+ 41. Kh2 e5 42. Be3 Qxf3 43. Bxf3 Nc4 44. Bc1 Be7 45. Kh3 f5 46. Be2 Nd6 47. Kg2 e4 48. Bf4 Nf7 49. Bd1 Bc5 50. Bb3 Bd4 51. Kf1 Be5 52. Bxe5+ Nxe5 53. Ke2 Kf6 54. Ke3 Nf3 55. Kf4 Ne1 56. Ke3 g5 57. Bd1 gxh4 58. gxh4 Ng2+ 59. Kf2 Nxh4 60. Bxh5 f4 61. Be8 Ke5 62. Bc6 Nf5 63. Bb7 Kd4 64. Ba6 Nd6 65. Be2 Nc4 66. Kg2 Ne5 67. Kf2 Nd3+ 68. Kf1 f3 69. Bd1 Ke3 70. Ba4 Ne5 71. Bb3 Kf4 72. Bd5 e3 73. Bb7 e2+ 74. Ke1 0-1

[Event "ENG-ch Senior Over 50"]
[Site "Kenilworth"]
[Date "2025.04.25"]
[Round "2.7"]
[White "Anderson, Richard"]
[Black "Alldritt, Nigel RE"]
[Result "1-0"]
[WhiteElo "1928"]
[BlackElo "1952"]
[PlyCount "61"]
[EventDate "2025.04.24"]
[EventType "swiss"]
[EventRounds "7"]
[EventCountry "ENG"]
[SourceTitle "BritBase"]
[Source "John Saunders"]
[SourceDate "1997.08.31"]
[SourceVersion "1"]
[SourceVersionDate "1997.08.31"]
[SourceQuality "1"]

1. e4 e6 2. Nf3 d5 3. Nc3 d4 4. Ne2 c5 5. c3 dxc3 6. bxc3 Nc6 7. Ng3 Nf6 8. Bc4 Be7 9. O-O O-O 10. d4 Qc7 11. Qe2 Na5 12. Bd3 Bd7 13. Bg5 h6 14. Bxf6 Bxf6 15. e5 Be7 16. Qe4 g6 17. Qg4 Kh7 18. h4 Rg8 19. h5 Raf8 20. hxg6+ fxg6 21. Nh4 Be8 22. Rae1 Nc6 23. Nf3 Qd7 24. Bb1 cxd4 25. cxd4 Nb4 26. Ne4 Nd5 27. Qg3 Qd8 28. Nd6 Bxd6 29. exd6 Nf4 30. Ne5 Qxd6 31. Re4 1-0

[Event "ENG-ch Senior Over 50"]
[Site "Kenilworth"]
[Date "2025.04.25"]
[Round "2.8"]
[White "Hill, Andy"]
[Black "Matthews, Adrian MS"]
[Result "1/2-1/2"]
[WhiteElo "1996"]
[BlackElo "1830"]
[PlyCount "106"]
[EventDate "2025.04.24"]
[EventType "swiss"]
[EventRounds "7"]
[EventCountry "ENG"]
[SourceTitle "BritBase"]
[Source "John Saunders"]
[SourceDate "1997.08.31"]
[SourceVersion "1"]
[SourceVersionDate "1997.08.31"]
[SourceQuality "1"]

1. Nf3 c5 2. c4 Nf6 3. Nc3 Nc6 4. e3 g6 5. d4 cxd4 6. exd4 d5 7. cxd5 Nxd5 8. Bc4 Nxc3 9. Qb3 Nd5 10. Bxd5 e6 11. Bxc6+ bxc6 12. O-O Bg7 13. Qa3 Qe7 14. Qxe7+ Kxe7 15. Bg5+ f6 16. Bf4 Ba6 17. Rfc1 Rac8 18. Rc3 Be2 19. Nd2 g5 20. Be3 Bh5 21. Rac1 Kd7 22. Nb3 Rc7 23. Nc5+ Kd6 24. Na6 Rcc8 25. f3 f5 26. Nb4 Be8 27. g3 Bd7 28. Nd3 h6 29. Ra3 Rc7 30. Kg2 Ke7 31. Rc4 Ra8 32. Bd2 Kf7 33. Ra6 Rb7 34. b3 Rb6 35. Ra5 Ke8 36. Be3 Rb5 37. Rca4 Rxa5 38. Rxa5 Kd8 39. f4 g4 40. Kf1 Kc7 41. Ke2 Kb6 42. b4 Kb7 43. a3 Bf6 44. Nc5+ Kc7 45. Nb3 Be7 46. Bd2 Kb6 47. Re5 Bf6 48. Re3 Re8 49. Kd3 Bc8 50. Nc5 Ba6+ 51. Kc3 Bc8 52. Kb3 Bxd4 53. Na4+ Kc7 1/2-1/2